|
|
|
|
| LEADER |
00000nab a2200000 a 4500 |
| 001 |
vtls010517617 |
| 003 |
SK-MaSNL |
| 005 |
20260303090437.0 |
| 008 |
130607 2013 xo e 000 0 slo |
| 038 |
|
|
|a PPPK
|
| 040 |
|
|
|a PPPKCL
|b slo
|c PPPK
|e AACR2
|
| 041 |
0 |
|
|a slo
|
| 044 |
|
|
|a xo
|c SK
|
| 080 |
|
|
|a 796.922
|2 2001
|
| 100 |
1 |
|
|a Jančík, Matúš
|4 aut
|9 1088542
|
| 245 |
1 |
0 |
|a Majstrovstvá SR v behoch na lyžiach s medzinárodnou účasťou
|c Matúš Jančík
|
| 611 |
2 |
7 |
|a Majstrovstvá Slovenska v behu na lyžiach
|d (2013 :
|c Štrbské Pleso, Slovensko)
|2 pppkcl
|9 1097378
|
| 648 |
|
7 |
|a 23.-24.3.2013
|2 pppkcl
|9 1097379
|
| 650 |
0 |
7 |
|a beh na lyžiach
|2 pppkcl
|9 3259
|
| 651 |
|
7 |
|a Štrbské Pleso (Štrba, Slovensko)
|2 pppkcl
|9 174790
|
| 773 |
0 |
|
|t Tatranský dvojtýždenník
|g Roč. XXIV, č. 7 (2013), s. 14
|
| 852 |
|
|
|a PPPK
|b KIS3GCP
|
| 999 |
|
|
|c 1803313
|d 1805243
|